=LDR 00000nam 2200000 4500 =001 INLIS000000000005816 =005 20130612094020 =008 ***********************************Ind** =035 ##$$0010-061300000005816 =041 ##$$a Ind =082 ##$$a 005.3 =090 ##$$a 005.3, Rit k =100 ##$$a Rto =245 ##$$a Komik Dos, Rito =260 ##$$a 1994 $b Jakarta =300 ##$$a xi, 160 hlm., Ilus., 21 cm =650 ##$$a Komputer-Dos =700 ##$$a Dos =850 ##$$a NBPNMAT